000 00503nam a2200181Ia 4500
005 20250326124013.0
008 250326s9999 xx 000 0 und d
037 _aTextbook
040 _aFMSL
_beng
_cFMSL
041 _aeng
_2eng
084 _aX L0
_qFMSL
100 _aCalderwood J D
_9125780
245 0 _aEconomics in the curriculum
_cCalderwood J D; Lawrence J D And Others
260 _aNY
_bNY, John Wiley
_c1970
300 _a218p
942 _cTB
_hX L0
999 _c1271847
_d1271847